A century of trust : (Record no. 24322)

MARC details
000 -LEADER
fixed length control field 00601cam a2200181 a 4500
020 ## - INTERNATIONAL STANDARD BOOK NUMBER
ISBN 9780670081561
041 ## - LANGUAGE CODE
Language code of text/sound track or separate title English
082 ## - DEWEY DECIMAL CLASSIFICATION NUMBER
Classification number 338.47669
Item number MUK
100 1# - MAIN ENTRY--AUTHOR NAME
Author name Mukherjee, Rudrangshu.
245 12 - TITLE STATEMENT
Title A century of trust :
Sub Title the story of tata steel /
Statement of responsibility, etc Rudrangshu Mukherjee.
260 ## - PUBLICATION, DISTRIBUTION, ETC. (IMPRINT)
Place of publication New Delhi :
Name of publisher Penguin, Portfolio ,
Year of publication 2008.
300 ## - PHYSICAL DESCRIPTION
Number of Pages xi,154 pages :
Other physical details illustrations ;
Dimensions 24 cm.
500 ## - GENERAL NOTE
General note Includes statistics.
504 ## - BIBLIOGRAPHY, ETC. NOTE
Bibliography, etc Includes bibliographical references (p. [145]-147) and index.
650 #0 - SUBJECT ADDED ENTRY--TOPICAL TERM
Subject Steel Industry and trade
Geographic subdivision India
General subdivision History.
942 ## - ADDED ENTRY ELEMENTS (KOHA)
Source of classification or shelving scheme Dewey Decimal Classification
Koha item type Books
Holdings
Withdrawn status Lost status Source of classification or shelving scheme Damaged status Not for loan Home library Current library Shelving location Date acquired Source of acquisition Cost, normal purchase price Full call number Accession Number Price effective from Koha item type
    Dewey Decimal Classification     Institute of Public Enterprise, Library Institute of Public Enterprise, Library S Campus 05/02/2026 Gifted by Prof. S. Sathish Kumar (IPE Faculty ) 399.00 338.47669 MUK 51028 05/02/2026 Books

Maintained and Designed by
2cqr automation private limited, Chennai. All Rights Reserved.

You are Visitor Number

PHP Hits Count